The relationship of clients and student nurses of UMDC in their management care at Paulino Hospital/ (Record no. 1642)
[ view plain ]
| 000 -LEADER | |
|---|---|
| fixed length control field | 00701nam a22001697a 4500 |
| 008 - FIXED-LENGTH DATA ELEMENTS--GENERAL INFORMATION | |
| fixed length control field | 160411b xxu||||| |||| 00| 0 eng d |
| 082 ## - DEWEY DECIMAL CLASSIFICATION NUMBER | |
| Edition number | 2006 |
| Classification number | UT 0042 |
| Item number | C28 |
| 100 ## - MAIN ENTRY--PERSONAL NAME | |
| 9 (RLIN) | 5167 |
| Personal name | Catalan , Joven Emmanuel C. |
| 245 ## - TITLE STATEMENT | |
| Title | The relationship of clients and student nurses of UMDC in their management care at Paulino Hospital/ |
| Statement of responsibility, etc. | Joven Emmanuel C. Catalan, Jane Candece B. Pastor, Christine A. Dayanan and Ivy Claire P. Mosura. |
| 260 ## - PUBLICATION, DISTRIBUTION, ETC. (IMPRINT) | |
| Place of publication, distribution, etc. | Digos City: |
| Name of publisher, distributor, etc. | UMDC |
| Date of publication, distribution, etc. | October 2006. |
| 300 ## - PHYSICAL DESCRIPTION | |
| Extent | 56 pages; |
| Dimensions | 29 cm. |
| 650 #0 - SUBJECT ADDED ENTRY--TOPICAL TERM | |
| 9 (RLIN) | 5168 |
| Topical term or geographic name as entry element | Nursing |
| General subdivision | Undergraduate thesis. |
| 700 ## - ADDED ENTRY--PERSONAL NAME | |
| 9 (RLIN) | 5169 |
| Personal name | Pastor, Jane Candece B. |
| 700 ## - ADDED ENTRY--PERSONAL NAME | |
| 9 (RLIN) | 5170 |
| Personal name | Dayanan, Christine A. |
| 700 ## - ADDED ENTRY--PERSONAL NAME | |
| 9 (RLIN) | 5171 |
| Personal name | Mosura, Ivy Claire P. |
| 942 ## - ADDED ENTRY ELEMENTS (KOHA) | |
| Source of classification or shelving scheme | Dewey Decimal Classification |
| Koha item type | Undergraduate Thesis |
| Withdrawn status | Lost status | Source of classification or shelving scheme | Damaged status | Not for loan | Collection code | Home library | Current library | Date acquired | Total Checkouts | Full call number | Barcode | Date last seen | Copy number | Price effective from | Koha item type |
|---|---|---|---|---|---|---|---|---|---|---|---|---|---|---|---|
| Dewey Decimal Classification | Undergraduate Theses | UM Digos College - LIC | UM Digos College - LIC | 04/11/2016 | UT 0042 C28 2006 | UT0042 | 04/11/2016 | 1 | 04/11/2016 | Undergraduate Thesis |
